000 00532cam a2200169 i 4500
005 20251127102356.0
008 250721s2011 ua gr 000 0 ara d
082 1 4 _a211.8
_bح ا م
100 1 _aحامد، إسماعيل
_eمؤلف.
245 1 0 _aذو القرنين /
_cتأليف اسماعيل حامد.
250 _aالطبعة الاولى.
264 3 1 _aالقاهرة :
_bمكتبة النافذة،
_c2011.
300 _a130صفحة.
650 1 7 _aقصص الانبياء.
942 _2ddc
_cBK
999 _c19609
_d19609